Movies Quiz

Random Movies Quiz

Movies: Take A Seat! III (Slideshow) Quiz Stats

 Plays Quiz not verified by Sporcle

Score 0/25 Timer 07:00
1 Play Today
% Correct
Spider-Man: Homecoming
99.7%
Shrek Forever After
98.1%
Slumdog Millionaire
90.7%
Star Wars: The Force Awakens
87%
Moana
86%
Casino Royale
84.8%
The Birds
81.8%
Man Of Steel
80.4%
The King's Speech
78.4%
Good Will Hunting
76.8%
Hercules
76.4%
Silver Linings Playbook
72.5%
(500) Days of Summer
63.5%
% Correct
Sweeney Todd: The Demon Barber Of Fleet Street
62.7%
Logan
61.7%
Baby Driver
60.9%
The Greatest Showman
58%
Up In The Air
50.5%
The World's End
43.6%
Eddie The Eagle
37.9%
Real Steel
34.5%
The Prestige
33.5%
Nightcrawler
33.1%
American Gangster
31.8%
Sleeping With The Enemy
20.7%

You're not logged in!

Compare scores with friends on all Sporcle quizzes.
OR
Log In

You Might Also Like...

Show Comments

Extras

Top Quizzes Today


Score Distribution

Your Account Isn't Verified!

In order to create a playlist on Sporcle, you need to verify the email address you used during registration. Go to your Sporcle Settings to finish the process.

Report this User

Report this user for behavior that violates our Community Guidelines.

Details: